Central Library OPAC University of Rajshahi

Seven months with Mahatma Gandhi : (Record no. 25694)

MARC details
000 -LEADER
fixed length control field 00736nam a22002297a 4500
001 - CONTROL NUMBER
control field 25694
003 - CONTROL NUMBER IDENTIFIER
rucl marc code BD-RjUL
005 - DATE AND TIME OF LATEST TRANSACTION
control field 20211209050920.0
008 - FIXED-LENGTH DATA ELEMENTS--GENERAL INFORMATION
fixed length control field 140319s1928 ii ||||| |||| 00| 0 eng d
035 ## - SYSTEM CONTROL NUMBER
System control number (BD-RjUL)25764
040 ## - CATALOGING SOURCE
Original cataloging agency BD-RjUL
Language of cataloging eng
Transcribing agency BD-RjUL
Modifying agency BD-RjUL
041 ## - LANGUAGE CODE
Language code of text/sound track or separate title eng
082 04 - DEWEY DECIMAL CLASSIFICATION NUMBER
Classification number 954.0350924
Author mark and year KRS 1928
100 1# - MAIN ENTRY--PERSONAL NAME
Personal name Krishnadas.
9 (RLIN) 78928
245 10 - TITLE STATEMENT
Title Seven months with Mahatma Gandhi :
Remainder of title being an inside view of the non-co-operation movement (1921-22) /
Statement of responsibility, etc. by Krishnadas.
260 ## - PUBLICATION, DISTRIBUTION, ETC. (IMPRINT)
Place of publication, distribution, etc. Madras :
Name of publisher, distributor, etc. S. Ganesan,
Date of publication, distribution, etc. 1928.
300 ## - PHYSICAL DESCRIPTION
Pagination Various pagins. ;
Size 19 cm.
500 ## - GENERAL NOTE
General note Include index
600 #0 - SUBJECT ADDED ENTRY--PERSONAL NAME
Personal name Gandhi,
Titles and other words associated with a name Mahatma,
Dates associated with a name 1869-1948
651 ## - SUBJECT ADDED ENTRY--GEOGRAPHIC NAME
Geographic name India
General subdivision Politics and government.
9 (RLIN) 78930
942 ## - ADDED ENTRY ELEMENTS (KOHA)
Source of classification or shelving scheme Dewey Decimal Classification
Koha item type Books
Holdings
Lost status Source of classification or shelving scheme Damaged status Not for loan Collection code Permanent Location Current Location Shelving location Date acquired Total Checkouts Full call number Date last seen Copy number Koha item type
  Dewey Decimal Classification   Added to bundle Non-fiction Central Library, University of Rajshahi Central Library, University of Rajshahi Reading Room 19/03/2014   954.0350924 KRS 1928 19/03/2014 C-1 Books